Carte séquentielle des pays d’Amérique du Sud - Statistiques

Statistiques générales
  • Ce quiz a été pris 1 180 fois
  • Le résultat moyen est 11 sur 12
Réponses sur la Carte
Les réponses sont colorées sur une échelle allant du rouge au vert en fonction du pourcentage des utilisateurs qui les ont devinées à leur premier essai. Vous pouvez retrouver ces pourcentages ci-dessous.
 
Statistiques - réponses
Réponse % Correct
Argentine
96%
Brésil
96%
Chili
96%
Colombie
95%
Pérou
95%
Uruguay
95%
Bolivie
94%
Guyana
94%
Paraguay
94%
Venezuela
94%
Équateur
93%
Suriname
93%
Aucun quiz correspondant
Distribution des résultats
% des personnes avec chaque résultat
Percentile par nombre de réponses
Votre historique - résultats
Vous n’avez pas pris ce quiz